Meteorology for seafarers / (Record no. 2928)

000 -LEADER
fixed length control field 00471nam a2200157Ia 4500
008 - FIXED-LENGTH DATA ELEMENTS--GENERAL INFORMATION
fixed length control field 200103s9999||||xx |||||||||||||| ||und||
020 ## - INTERNATIONAL STANDARD BOOK NUMBER
International Standard Book Number 9780851747996
100 ## - MAIN ENTRY--PERSONAL NAME
Personal name Frampton, R. M. and Uttridge, P.A.
245 #0 - TITLE STATEMENT
Title Meteorology for seafarers /
250 ## - EDITION STATEMENT
Edition statement 3rd ed.
260 ## - PUBLICATION, DISTRIBUTION, ETC. (IMPRINT)
Name of publisher, distributor, etc Brown, Son & Ferguson, Ltd.,
Date of publication, distribution, etc 2008.
Place of publication, distribution, etc Glasgow:
300 ## - PHYSICAL DESCRIPTION
Extent xvi, 137
650 #0 - SUBJECT ADDED ENTRY--TOPICAL TERM
Topical term or geographic name as entry element Marine Meteorology
700 ## - ADDED ENTRY--PERSONAL NAME
9 (RLIN) 2533
Personal name Uttridge, P. A.
942 ## - ADDED ENTRY ELEMENTS (KOHA)
Item type Books
Holdings
Withdrawn status Lost status Source of classification or shelving scheme Damaged status Not for loan Permanent location Current location Date acquired Source of acquisition Full call number Barcode Date last seen Cost, replacement price Koha item type
          IMU Kolkata IMU Kolkata 2010-05-13 Ross and Marketing Consultants 551.5246 F813 11100 2020-03-18 5355.00 Books
Designed and Maintained by IMU-KC Library, Kolkata Campus © Copyright All Rights Reserved

webs counters

Powered by Koha